00758 2200253 4500001002100000005001500021035002500036040001700061041000800078082001900086084001900105090002100124100002400145245007200169260004100241300002400282500005100306650002400357850001200381008004100393700003400434990001800468990001800486INLIS00000000003070120190528020725 a0010-091700000000069 aYOPDYOGbind0 amad042[23]a899.2234 a899.2234 JOR e aL 899.2234 JOR e1 aJoram, Eepengarang1 aEmmas esangghoe konengan /cE. Joram; Penerjemah, O. Prawirowidjojo3 aWeltevrenden :bBalai Pustaka,c1930 a76 hlm. ;c; 21 cm. aEsalen Da' Bhasa Madhoera Bi O. Prawirowidjojo 4aKesusastraan Madura aYOPDYOG170906s1930 g | d0 aO. PrawirowidjojogPenerjemah a56798-PD/A.17 a56798-PD/A.17